Clasificiaciones Finales de las 5 Grandes Ligas 24-25 - Estadísticas

Estadísticas generales
  • Esta prueba ha sido intentada 39 veces
  • La puntuación promedio es 56 de 96
Estadísticas de respuestas
# Respuestas % Correcto
3 Atletico de Madrid
100%
1 FC Barcelona
100%
2 Real Madrid
100%
17 Sevilla FC
100%
6 Aston Villa
97%
4 Athletic Club de Bilbao
97%
2 Inter de Milán
97%
6 Real Betis
97%
11 Real Sociedad
97%
8 AC Milan
94%
2 Arsenal
94%
7 Celta de Vigo
94%
4 Chelsea
94%
4 Juventus
94%
1 Liverpool
94%
3 Manchester City
94%
15 Manchester United
94%
1 Napoli FC
94%
10 RCD Mallorca
94%
12 Valencia CF
94%
1 Bayern de Múnich
91%
5 Villarreal
91%
5 Newcastle United
88%
8 Rayo Vallecano
88%
17 Tottenham Hotspur
88%
4 Borussia Dortmund
84%
16 Girona FC
84%
5 AS Roma
81%
2 Bayer Leverkusen
81%
9 CA Osasuna
81%
20 Real Valladolid
81%
19 UD Las Palmas
81%
6 AFC Fiorentina
78%
18 CD Leganés
78%
13 Getafe CF
78%
1 Paris Saint-Germain
75%
14 RCD Espanyol
75%
7 Lazio
72%
2 Olympique de Marsella
72%
14 West Ham
72%
3 Atalanta
69%
6 Olympique de Lyon
69%
10 Como 1907
66%
15 Deportivo Alavés
66%
7 Nottingham Forest
63%
18 Leicester City
59%
3 Monaco FC
59%
8 Brighton & Hove Albion
56%
7 RB Leipzig
56%
12 Crystal Palace
53%
11 Torino FC
53%
13 Everton
50%
5 LOSC Lille
50%
16 Wolverhampton Wanderers
50%
10 Brentford
44%
15 Cagliari
44%
14 Hellas Verona
44%
16 Parma
44%
20 Southampton
44%
12 Udinese
44%
11 Wolfsburgo
44%
9 Bolonia FC
41%
3 Eintracht de Frankfurt
41%
13 FC Union Berlin
41%
5 Friburgo
41%
13 Genoa
41%
10 Borussia Monchengladbach
38%
13 FC Nantes
38%
8 Werder Bremen
38%
9 AFC Bournemouth
34%
4 Niza
34%
11 Fulham
31%
15 Hoffenheim
31%
19 Ipswich Town
31%
6 Mainz 05
31%
7 Racing Club de Estrasburgo
31%
9 Stuttgart
31%
19 Venezia FC
31%
17 Saint-Étienne
28%
12 Stade Rennes FC
28%
10 Toulouse FC
28%
20 AC Monza
25%
8 Lens
25%
16 Stade de Reims
25%
17 US Lecce
25%
12 Augsburgo
22%
11 Auxerre
22%
14 St. Pauli
22%
14 Angers
19%
18 Empoli FC
16%
18 Montpellier
16%
9 Stade Brestois
16%
16 Heidenheim
13%
15 Le Havre
9%
18 Bochum
6%
17 KSV Holstein
3%
No se encontraron pruebas coincidentes
Distribución de puntuación
Porcentaje de gente con cada puntuación
Porcentaje por número respondido
Historial de tus puntuaciones
No has intentado esta prueba.